000 01591cam a2200469 i 4500
001 18514595
003 OSt
005 20260428164716.0
008 150303t20162016maua b 001 0 eng
010 _a 2015008690
020 _a9781284066272
_qpbk.
020 _a1284066274
_qpbk.
035 _a18514595
035 _a(DNLM)101653101
040 _aDNLM/DLC
_cDLC
_erda
_dOGU
042 _apcc
050 0 0 _aRT86.5
_b.C376 2016
060 1 0 _aWY 106
082 0 0 _a362.17/3
_223
245 0 0 _aCaring for the vulnerable :
_bperspectives in nursing theory, practice, and research
_cedited by Mary de Chesnay, Barbara A. Anderson.
250 _aFourth edition.
264 1 _aBurlington, MA :
_bJones & Bartlett Learning,
_c[2016]
264 4 _c©2016
300 _axxiii, 616 pages :
_billustrations ;
_c23 cm
336 _atext
_2rdacontent
337 _aunmediated
_2rdamedia
338 _avolume
_2rdacarrier
504 _aIncludes bibliographical references and index.
650 0 _aNursing
_xSocial aspects.
650 0 _aTranscultural nursing.
650 0 _aNursing
_vCross-cultural studies.
650 0 _aNursing
_xPhilosophy.
650 1 2 _aCommunity Health Nursing.
650 1 2 _aVulnerable Populations.
650 2 2 _aNursing Theory.
650 2 2 _aTranscultural Nursing.
700 1 _aDe Chesnay, Mary,
_eeditor.
700 1 _aAnderson, Barbara A.
_q(Barbara Alice),
_d1944-
_eeditor.
906 _a7
_bcbc
_corignew
_d1
_eecip
_f20
_gy-gencatlg
942 _2lcc
_cBK
_n0
999 _c3504
_d3504